Tvorba inovací bez tajemství

Podstata a zásady brokeringu. Vytváranie vlastného brokeringu. Praktické príklady.

Gespeichert in:
Bibliographische Detailangaben
Format: Buchkapitel
Sprache:Tschechisch
Schlagworte:
Tags: Tag hinzufügen
Keine Tags, Fügen Sie das erste Tag hinzu!

MARC

LEADER 00000naa a2200000 4500
001 r040763
005 20231002103338.8
041 0 |a cze 
044 |a CZ 
245 1 0 |a Tvorba inovací bez tajemství 
520 |a Podstata a zásady brokeringu. Vytváranie vlastného brokeringu. Praktické príklady. 
610 2 0 |a makléri 
610 2 0 |a inovácia 
610 2 0 |a know-how 
610 2 0 |a sprostredkovatelia 
610 2 0 |a vedomosti 
610 2 0 |a kultúra podniková